000 01327cam a22003617a 4500
003 CHAP
005 20220329142553.0
008 011130d2001 mx bd r 00110 spa d
010 _a85064
011 _a86036
035 _a96574
040 _cCHAP
090 _aTesis
100 0 0 _aCruz Cárdenas, Gustavo.
_929333
245 1 0 _aContenidos de materia organica en un suelo bajo tres espaciamientos de drenaje subterráneo en la Chontalpa, Tabasco
_c/por Gustavo Cruz Cárdenas
260 _aChapingo, Méx. :
_bEl autor,
_c2001.
300 _a95 h. :
_bgráfs. ; mapa ; cuadros
502 _aTesis (Ing. Agr. Esp. en Suelos) -- UACH. Departamento de Suelos
590 _aALEPH
_b10
_c20130110
_lUCH01
_h1444
590 _aBATCH-UPD
_b10
_c20130110
_lUCH01
_h0740
590 _aBATCH-UPD
_b10
_c20130410
_lUCH01
_h0422
590 _aBATCH-UPD
_b10
_c20130914
_lUCH01
_h1105
590 _aCONVERSION
_b10
_c20130109
_lUCH01
_h1347
650 1 4 _aDrenaje agrícola.
_934221
650 1 4 _aSorgo
_xTabasco.
_9108725
650 1 4 _aSuelos y cultivos.
_9110571
650 1 4 _aSuelos
_xMateria orgánica.
_9110429
901 _aBK
905 _aMarco A. Mendoza T.
942 _cFOLL
949 _aTesis
_bBC
_cTES
_d33724000858064
_eTS2
_fc.2
_gDonaciØn
_h38742
_i96574
_si
949 _aTesis
_bBC
_cTES
_d965741
_eTS1
_gDonaciØn
_h38741
_i96574
_sb
999 _c85064
_d85064